Význam predĺženia širokorozchodnej železničnej trate pre rozvoj slovensko-ruskej spolupráce

Charakteristika širokorozchodnej trate. Hlavné ciele a význam projektu. Zhodnotenie projektu z pohľadu SR.

Salvato in:
Dettagli Bibliografici
Autore principale: Gavaľová, Viera
Altri autori: Drieniková, Kristína, 1982-
Natura: Capitolo di libro
Lingua:slovacco
Soggetti:
Tags: Aggiungi Tag
Nessun Tag, puoi essere il primo ad aggiungerne!!

MARC

LEADER 00000naa$a2200000$$$4500
001 0113136
005 20240711110132.1
041 0 |a slo 
044 |a SK 
245 1 0 |a Význam predĺženia širokorozchodnej železničnej trate pre rozvoj slovensko-ruskej spolupráce  |c Viera Gavaľová, Kristína Drieniková 
520 |a Charakteristika širokorozchodnej trate. Hlavné ciele a význam projektu. Zhodnotenie projektu z pohľadu SR. 
610 2 0 |a spolupráca hospodárska medzinárodná 
610 2 0 |a Slovensko 
610 2 0 |a Rusko 
610 2 0 |a siete dopravné 
610 2 0 |a siete železničné 
610 2 0 |a doprava železničná nákladná 
610 2 0 |a centrá logistické 
610 2 0 |a projekty investičné 
100 1 |a Gavaľová, Viera 
700 1 |a Drieniková, Kristína, 1982-